| 000 | 00359nam a22001457a 4500 | ||
|---|---|---|---|
| 003 | OSt | ||
| 005 | 20160727222419.0 | ||
| 008 | 160627b xxu||||| |||| 00| 0 eng d | ||
| 040 | _cTEST | ||
| 100 |
_91215 _aAmerican Heritage Magazine. |
||
| 245 | _aOhio Oklahoma, Oregon | ||
| 260 |
_aNEW YORK _bDELL _c1965 |
||
| 300 | _aOhio Oklahoma, Oregon | ||
| 942 |
_2ddc _cBK |
||
| 999 |
_c990 _d990 |
||